| 000 | 00643nam a22001937a 4500 | ||
|---|---|---|---|
| 999 |
_c15192 _d15192 |
||
| 003 | OSt | ||
| 082 | _2631.587 CHI/EV | ||
| 088 | _aP 143 | ||
| 100 |
_aCHITHRA G _92296 |
||
| 245 | _aEvaluation of aquifer parameters from drawdown data in borewells | ||
| 260 |
_aTavanur 2004 _bKelappaji College of Agricultural Engineering and Technology |
||
| 300 | _a56 | ||
| 500 | _aEvaluation of aquifer parameters from drawdown data in borewells | ||
| 520 | _aEvaluation of aquifer parameters from drawdown data in borewells | ||
| 700 |
_aGentle Jose _92728 |
||
| 700 |
_aManju K. Moni _92729 |
||
| 700 |
_aEr. Levan K. V (Guide) _92722 |
||
| 942 | _cPR | ||